Statistics for A railway station in every county: GB

Click here to take the quiz!

General Stats

  • This quiz has been taken 34 times
    (28 since last reset)
  • The average score is 30 of 99

Answer Stats

HintAnswer% Correct
City of LondonLiverpool Street
59%
NottinghamshireNewark Castle
53%
Greater ManchesterWigan North Western
53%
DorsetChristchurch
47%
OxfordshireDidcot Parkway
47%
SomersetFrome
47%
BuckinghamshireHigh Wycombe
47%
LeicestershireHinckley
47%
HerefordshireLeominster
47%
RutlandOakham
47%
CeredigionAberystwyth
41%
ClackmannanshireAlloa
41%
BristolAvonmouth
41%
East Riding of YorkshireBridlington
41%
DerbyshireBuxton
41%
West YorkshireCastleford
41%
DurhamChester-le-Street
41%
ConwyLlandudno Junction
41%
CheshireMacclesfield
41%
South YorkshireMeadowhall
41%
North YorkshireNorthallerton
41%
KentSandwich
41%
NorfolkThetford
41%
Vale of GlamorganBarry Island
35%
NorthamptonshireCorby
35%
Scottish BordersGalashiels
35%
Isle of WightLake
35%
BerkshireMaidenhead
35%
WorcestershireRedditch
35%
DenbighshireRhyl
35%
West MidlandsSolihull
35%
SurreyStaines
35%
CornwallSt Ives
35%
Greater LondonStratford International
35%
ShropshireTelford Central
35%
East SussexBattle
29%
BedfordshireBiggleswade
29%
GwyneddBlaenau Ffestiniog
29%
StaffordshireBurton-on-Trent
29%
HertfordshireCheshunt
29%
WiltshireChippenham
29%
North LanarkshireCoatbridge Sunnyside
29%
StirlingDunblane
29%
Aberdeen CityDyce
29%
PembrokeshireFishguard Harbour
29%
NorthumberlandHaltwhistle
29%
EdinburghHaymarket
29%
West SussexHaywards Heath
29%
CumbriaKendal
29%
East AyrshireKilmarnock
29%
Isle of AngleseyLlanfairpwll
29%
Merthyr TydfilMerthyr Vale
29%
MerseysideSouthport
29%
Tyne & WearSouth Shields
29%
GloucestershireStroud
29%
HighlandsThurso
29%
DevonTiverton Parkway
29%
CarmarthenshireAmmanford
24%
AngusArbroath
24%
East RenfrewshireBarrhead
24%
LancashireClitheroe
24%
West DunbartonshireDalmuir
24%
MorayElgin
24%
HampshireFratton
24%
LincolnshireGrantham
24%
South LanarkshireHamilton Central
24%
AberdeenshireInverurie
24%
FifeKirkcaldy
24%
FalkirkLarbert
24%
PowysLlandrindod
24%
BridgendMaesteg
24%
CambridgeshireMarch
24%
SuffolkNewmarket
24%
Argyll and ButeOban
24%
Perth and KinrossPitlochry
24%
South AyrshirePrestwick Airport
24%
WrexhamRuabon
24%
WarwickshireRugby
24%
MonmouthshireSevern Tunnel Junction
24%
Dumfries and GallowayStanraer
24%
EssexStansted Airport
24%
InverclydeWemyss Bay
24%
West LothianBathgate
18%
Neath Port TalbotBriton Ferry
18%
Dundee CityBroughty Ferry
18%
MidlothianGorebridge
18%
SwanseaGowerton
18%
North AyrshireIrvine
18%
East DunbartonshireMilngavie
18%
East LothianNorth Berwick
18%
RenfrewshirePaisley Canal
18%
GlasgowPartick
18%
NewportRogerstone
18%
FlintshireShotton
18%
CardiffWaun-gron Park
18%
CaerphillyBargoed
12%
Blaenau GwentEbbw Vale Town
12%
Rhondda Cynon TaffPontypridd
12%
TorfaenCwmbran
6%

Score Distribution

Percentile by Number Answered

Percent of People with Each Score

Your Score History

You have not taken this quiz since the last reset